|
|
|
|
| LEADER |
00000nab a2200000 a 4500 |
| 001 |
vtls000559697 |
| 003 |
SK-MaSNL |
| 005 |
20260304100538.0 |
| 008 |
250425c1994 xo 0 slo |
| 015 |
|
|
|a SNBRB19rr/mm-uuuuu
|
| 035 |
|
|
|a CL0559835
|
| 035 |
|
|
|a urn:nbn:sk:snk-ab7hqc
|
| 035 |
|
|
|a (urnnbn)urn:nbn:sk:snk:ar-005t35
|
| 035 |
|
|
|a (uuid)92255d45-bf88-4c39-b352-30c754d7c7c1
|
| 040 |
|
|
|a SNKBUCL
|b slo
|c SNKBUCL
|e AACR2
|
| 041 |
0 |
|
|a eng
|
| 044 |
|
|
|a xo
|c SK
|
| 080 |
|
|
|a 547.79:541.69
|2 1981
|
| 080 |
|
|
|a 541.69
|2 1981
|
| 245 |
0 |
0 |
|a Preparation and Pesticide Properties of Some 1-Substituted (1H)-1,2,4-Triazoles
|c Š. Stankovský, K. Špirková, E. Jedlovská, V. Konečný
|
| 300 |
|
|
|b Sch. 1, tab. 4, res. angl., lit. 10 zázn. v angl.
|
| 650 |
0 |
7 |
|a triazoly
|2 snkbucl
|9 16275
|
| 655 |
|
7 |
|a články z novín a časopisov
|2 snkbucl
|9 267496
|
| 700 |
1 |
|
|a Stankovský, Štefan,
|d 1943-
|4 aut
|9 221440
|
| 700 |
1 |
|
|a Špirková, Katarína,
|d 1942-
|4 aut
|9 242640
|
| 700 |
1 |
|
|a Jedlovská, E.
|4 aut
|9 966227
|
| 700 |
1 |
|
|a Konečný, V.
|4 aut
|9 517138
|
| 773 |
0 |
|
|t Chemical papers. Chemické zvesti
|g Roč. 48, č. 5 (1994), s. 347-350
|x 0366-6352
|
| 850 |
|
|
|a Slovenská národná knižnica
|
| 852 |
|
|
|a Slovenská národná knižnica
|
| 958 |
|
|
|a article7
|
| 958 |
|
|
|a OND
|
| 958 |
|
|
|a NB
|
| 958 |
|
|
|a RK
|
| 958 |
|
|
|a EUIPO
|
| 992 |
|
|
|a RBX
|
| 999 |
|
|
|c 2838398
|d 2840328
|